Evaluacion de la OEI sobre la condicionalidad estructural de los programas respaldados por el FMI.

La Oficina de Evaluacion Independiente (OEI) fue creada por el Directorio Ejecutivo del FMI en 2001. Proporciona evaluaciones objetivas e independientes sobre asuntos relacionados con el FMI. La OEI opera con independencia de la Gerencia y sin interferencias del Directorio Ejecutivo del FMI. Vease m...

Descripció completa

Dades bibliogràfiques
Autor corporatiu: International Monetary Fund. Independent Evaluation Office
Format: Revista
Idioma:English
Publicat: Washington, D.C. : International Monetary Fund, 2008.
Accés en línia:Full text available on IMF
LEADER 01497cas a2200217 a 4500
001 AALejournalIMF014949
008 230101c9999 xx r poo 0 0eng d
020 |c 15.00 USD 
020 |z 9781589067349 
040 |a BD-DhAAL  |c BD-DhAAL 
110 2 |a International Monetary Fund.  |b Independent Evaluation Office. 
240 1 0 |a Evaluacion de la OEI sobre la condicionalidad estructural de los programas respaldados por el FMI.  |l Spanish 
245 1 0 |a Evaluacion de la OEI sobre la condicionalidad estructural de los programas respaldados por el FMI. 
264 1 |a Washington, D.C. :  |b International Monetary Fund,  |c 2008. 
300 |a 1 online resource (52 pages) 
500 |a <strong>Off-Campus Access:</strong> No User ID or Password Required 
500 |a <strong>On-Campus Access:</strong> No User ID or Password Required 
506 |a Electronic access restricted to authorized BRAC University faculty, staff and students 
520 3 |a La Oficina de Evaluacion Independiente (OEI) fue creada por el Directorio Ejecutivo del FMI en 2001. Proporciona evaluaciones objetivas e independientes sobre asuntos relacionados con el FMI. La OEI opera con independencia de la Gerencia y sin interferencias del Directorio Ejecutivo del FMI. Vease mas informacion sobre las actividades de la OEl en su sitio web: www.ieo-imf.org. 
538 |a Mode of access: Internet 
856 4 0 |z Full text available on IMF  |u http://elibrary.imf.org/view/books/017/06533-9781589067349-es/06533-9781589067349-es-book.xml  |z IMF e-Library